00723naa#a2200169#i#4500001001600000005001700016011001400033100004100047102000700088200015400095210012800249215001000377608004500387675004900432700005200481856002000533RU\\bibl\12026320260417002923.5##a1819-4036##a20210331b2021####ek#y0rusy0150####ca##aRU1#aACTINIDIA KOLOMIKTA (MAXIM.) MAXIM. – ПЕРСПЕКТИВНАЯ КУЛЬТУРА ДЛЯ ЮЖНОГО УРАЛАeЖурнальная статья1#aКрасноярскcКрасноярский государственный аграрный университетd2021##a4 с.##aЖурнальная статья2local##aСистематика растений. 582#1aБилаловаgРоза Альтафовна4#avestnik.kgau.ru